| 000 | 00623nam a2200217 a 4500 | ||
|---|---|---|---|
| 008 | |||
| 020 | _a0721646468 (pbk.) | ||
| 049 | _aMAIN | ||
| 090 |
_aQM23.2 _bLAR |
||
| 100 | 1 | _a Larsen, William J. | |
| 245 | 1 | 0 |
_aAnatomy : _bdevelopment, function and clinical correlations / _cWilliam J. Larsen. |
| 260 |
_aPhiladelphia : _bSaunders, _c2002. |
||
| 300 |
_ax, 741p. : _bill. ; _c26 cm. |
||
| 500 | _aIncludes index. | ||
| 650 | 1 | _aAnatomy. | |
| 907 |
_a.b10284035 _b04-10-10 _c23-09-10 |
||
| 003 | |||
| 005 | 20230120204030.0 | ||
| 040 | _cNUST | ||
| 942 |
_cBOOKS _kQM23.2 _mLAR |
||
| 999 |
_c115900 _d115900 |
||